000
00238nam a2200097Ia 4500
001
930752
005
20250826214855.0
008
250824s9999 xx 000 0 und d
245
0
_a
YOLCULUK
_c
FRANCESCA SANNA
260
_b
TAZE KİTAP YAYINLARI
999
_c
930752
_d
930752